| 000 | 00446nam a22001457a 4500 | ||
|---|---|---|---|
| 005 | 20180820131745.0 | ||
| 020 |
_a817391401X _c300.00 |
||
| 035 | _aB-058654, B-058656 | ||
| 037 |
_aDPL _bENG |
||
| 100 | _aSharma, R.P. | ||
| 245 |
_aHuman personality in ancient Indian thought / _cby R.P. Sharma |
||
| 260 |
_aNew Delhi _bKanishka Publishers, Distributors _c2001 |
||
| 300 |
_axiv, 136p. _c18 cms. |
||
| 942 |
_2ddc _cEN _h155.2 _mSHA |
||
| 999 |
_c63955 _d63955 |
||